| 000 | 00690nam a2200241 a 4500 | ||
|---|---|---|---|
| 001 | 000013570 | ||
| 005 | 20200929163256.0 | ||
| 008 | 091125s1994 sp 000 j spa d | ||
| 020 | _a8420646377 | ||
| 040 |
_aDO-SdBNP _bspa _cBNPHU |
||
| 082 |
_a863.6 _bG216r |
||
| 100 | 1 |
_aGarcía Hortelano, Juan, _d1928-1992 _915617 |
|
| 245 | 1 | 0 |
_aRiánsares y el fascista / _cJuan García Hortelano. |
| 260 |
_aMadrid : _bAlianza, _c1994. |
||
| 300 |
_a94, [2] ; _c15 cm. |
||
| 490 | 1 |
_aAlianza cien _v37 |
|
| 650 | 4 |
_aCuentos españoles _93194 |
|
| 650 | 4 |
_aLiteratura española _9632 |
|
| 740 | 3 | _aLa capital del mundo | |
| 830 | 0 |
_aAlianza cien ; _v37 _912832 |
|
| 910 | _aWM | ||
| 049 | _aBNGR | ||
| 999 |
_c13191 _d13191 |
||